000 00923pam a2200265 a 4500
999 _c1991
_d1991
001 4853659
003 OSt
005 20190918151507.0
008 911120s1992 mnua b 001 0 eng
010 _a 91044642
020 _a0314922113
040 _aDLC
_cDLC
_dDLC
050 0 0 _aBF121
_b.C625 1992
082 0 0 _a150 CON 1992
_220
100 1 _aCoon, Dennis.
_95184
245 1 0 _aIntroduction to psychology :
_bexploration and application /
_cDennis Coon.
250 _a6th ed.
260 _aSt. Paul :
_bWest Pub. Co.,
_cc1992.
300 _a1 v. (various pagings) :
_bill. (some col.) ;
_c27 cm.
504 _aIncludes bibliographical references and index.
650 0 _aPsychology
_vTextbooks.
_95170
906 _a7
_bcbc
_corignew
_d1
_eocip
_f19
_gy-gencatlg
942 _2ddc
_cSLOAN